00461 a2200133 4500020001500000082001500015100002600030245006700056260004500123300003100168650002000199999001300219952009500232 a8173192200 a519.52 MUK aMukhopadhyay, Parimal aSmall Area Estimation in Survey SamplingcParimal Mukhopadhyay aLondon :bNarosa Publishing House,c1998 axi, 230p. :bill. ;c21 cm aSurvey Sampling c934d934 00104070aNITbNITcCEd0000-00-00l0o519.52 MUKpNIT-6772 r2017-01-05w2017-01-05yBK